01194nam a2200301Ia 4500001000900000003000500009005001700014008004100031010001100072020002200083040000900105082002600114100003800140245011900178260005700297300001100354440006400365503000700429504002700436650006600463650006500529650004600594650004000640650005400680650008000734700003600814700004200850dia_6758CHAP20251021154410.0220117s2017 xx 000 0 und d a178063 a978-607-12-0436-3 cCHAP a378.01397252 P47 2017 aPérez Samaniego, Ma. del Carmen aPerfil de egresos 2010 /c Ma. del Carmen Pérez Samaniego, Rosa María Livera Muñoz y Eduardo Carranza Ayala aMéxico :b Universidad Autónoma Chapingo,c2017 a126 p. aNueva Serie de estudios especiales sobre la Universidad ; 1 aD. aBibliografía: p. 126 aAgricultural colleges graduatesxStatisticsxMexico (State)  aEducación superiorxAspectos socialesxMéxico (Estado)  aEducación superiorxMéxico (Estado)  aEducation, HigherxMexico (State)  aEducation, HigherxSocial aspectsxMexico (State) aGraduados de universidades agrícolasxEstadísticasxMéxico (Estado)  aCarranza Ayala, Eduardo, coaut. aLivera Muñoz, Rosa María, coaut.